[Event "Mittelfranken-chTB2a 1920"]
[Site "Mittelfranken"]
[Date "2020.03.08"]
[Round "7.3"]
[White "Strnad, Alfred"]
[Black "Kretschmer, Lorenz"]
[Result "0-1"]
[WhiteElo "1818"]
[BlackElo "1946"]
[PlyCount "92"]
[EventDate "2019.10.13"]
[EventType "team-tourn"]
[EventRounds "9"]
[EventCountry "GER"]
[SourceTitle "EXT 2023"]
[Source "ChessBase"]
[SourceDate "2022.10.05"]
[SourceVersion "1"]
[SourceVersionDate "2022.10.05"]
[SourceQuality "1"]
[WhiteTeam "Heideck/Hilpoltstein II"]
[BlackTeam "Bubenreuth"]
[WhiteTeamCountry "GER"]
[BlackTeamCountry "GER"]

1. e4 c5 2. Nc3 d6 3. g3 Nc6 4. Bg2 g6 5. d3 Bg7 6. f4 e6 7. Nf3 Nge7 8. 0-0 0-0 9. Be3 Rb8 10. a4 a6 11. Qd2 Qc7 12. Nd1 Bd7 13. c3 Na5 14. Qc2 d5 15. e5 c4 16. Nf2 Nb3 17. Ra3 Nf5 18. Bc1 h5 19. Nh4 Nxh4 20. gxh4 b5 21. axb5 Bxb5 22. d4 Qe7 23. Nh3 Qxh4 24. Be3 Qd8 25. Kh1 Ra8 26. Rg1 a5 27. Bf3 Ra7 28. Qg2 Kh7 29. Bxh5 Qh4 30. Ng5+ Kg8 31. Bd1 a4 32. Qf3 Rfa8 33. Bf2 Qh8 34. Be1 Bf8 35. Rg4 Bxa3 36. bxa3 Kf8 37. Rh4 Qg8 38. Qh3 Ke7 39. Rh7 Bd7 40. Qh6 Rf8 41. Rg7 Qh8 42. Qxg6 Kd8 43. Nxf7+ Rxf7 44. Qxf7 Qh3 45. Qf8+ Be8 46. Rxa7 Qf1# 0-1

[Event "Nuremberg LGA Cup 5th"]
[Site "Nuremberg"]
[Date "2008.09.07"]
[Round "7.66"]
[White "Arnold, Max"]
[Black "Kretschmer, Lorenz"]
[Result "1-0"]
[WhiteElo "1707"]
[BlackElo "1976"]
[PlyCount "43"]
[EventDate "2008.09.04"]
[EventType "swiss"]
[EventRounds "7"]
[EventCountry "GER"]
[SourceTitle "EXT 2022"]
[Source "ChessBase"]
[SourceDate "2021.10.06"]
[SourceVersion "1"]
[SourceVersionDate "2021.10.06"]
[SourceQuality "1"]

1. e4 c5 2. Nf3 d6 3. d4 cxd4 4. Nxd4 Nf6 5. Nc3 a6 6. Bg5 e6 7. f4 Be7 8. Qf3 Qc7 9. 0-0-0 b5 10. e5 Bb7 11. Qg3 dxe5 12. fxe5 Nh5 13. Qh4 Bxg5+ 14. Qxg5 g6 15. Bxb5+ axb5 16. Ndxb5 Qe7 17. Nd6+ Kf8 18. Qxe7+ Kxe7 19. Nxb7 Nd7 20. Rhe1 Ra6 21. Rxd7+ Kxd7 22. Nc5+ 1-0

[Event "Nuremberg LGA Cup 5th"]
[Site "Nuremberg"]
[Date "2008.09.07"]
[Round "6"]
[White "Kretschmer, Lorenz"]
[Black "Fuhrmann, Max"]
[Result "0-1"]
[WhiteElo "1976"]
[BlackElo "2097"]
[PlyCount "46"]
[EventDate "2008.09.04"]
[EventType "swiss"]
[EventRounds "7"]
[EventCountry "GER"]
[SourceTitle "CBM 126 Extra"]
[Source "ChessBase"]
[SourceDate "2008.11.05"]
[SourceVersion "1"]
[SourceVersionDate "2008.11.05"]
[SourceQuality "1"]

1. d4 d5 2. c4 c6 3. Nf3 Nf6 4. Nc3 e6 5. e3 Nbd7 6. Bd3 dxc4 7. Bxc4 b5 8. Bd3 Bb7 9. 0-0 Be7 10. e4 b4 11. Na4 0-0 12. Bg5 c5 13. Re1 cxd4 14. Nxd4 Qa5 15. Bh4 Ne5 16. Bc2 Rfd8 17. f4 Nc6 18. Bf2 Rac8 19. Re2 Ng4 20. f5 Nxf2 21. Rxf2 Nxd4 22. Bb3 exf5 23. exf5 Nf3+ 0-1

[Event "Nuremberg LGA Cup 5th"]
[Site "Nuremberg"]
[Date "2008.09.04"]
[Round "1"]
[White "Heinzel, Olaf"]
[Black "Kretschmer, Lorenz"]
[Result "1-0"]
[WhiteElo "2386"]
[BlackElo "1976"]
[PlyCount "31"]
[EventDate "2008.09.04"]
[EventType "swiss"]
[EventRounds "7"]
[EventCountry "GER"]
[SourceTitle "CBM 126 Extra"]
[Source "ChessBase"]
[SourceDate "2008.11.05"]
[SourceVersion "1"]
[SourceVersionDate "2008.11.05"]
[SourceQuality "1"]

1. d4 Nf6 2. Bf4 g6 3. e3 Bg7 4. h3 d5 5. Nf3 0-0 6. Bd3 c5 7. 0-0 Nc6 8. c3 Bd7 9. Nbd2 Rc8 10. dxc5 a5 11. Qb3 Be8 12. Qxb7 Nd7 13. Ba6 Ra8 14. Qxc6 e5 15. Bb7 Rb8 16. Bg5 1-0

[Event "Voesendorf op-A 11th"]
[Site "Voesendorf"]
[Date "2008.05.25"]
[Round "5"]
[White "Kretschmer, Lorenz"]
[Black "Hoffmann, Gerald"]
[Result "1/2-1/2"]
[WhiteElo "1976"]
[BlackElo "2171"]
[PlyCount "50"]
[EventDate "2008.05.22"]
[EventType "swiss"]
[EventRounds "5"]
[EventCountry "AUT"]
[SourceTitle "CBM 124 Extra"]
[Source "ChessBase"]
[SourceDate "2008.07.03"]
[SourceVersion "1"]
[SourceVersionDate "2008.07.03"]
[SourceQuality "1"]

1. e4 c6 2. d4 d5 3. exd5 cxd5 4. Bd3 Nc6 5. c3 Nf6 6. h3 e6 7. Nf3 Bd6 8. 0-0 h6 9. Re1 0-0 10. Nbd2 Rb8 11. Qe2 Nh5 12. g3 f5 13. Ne5 Qe8 14. Nf1 Nf6 15. Bf4 Bxe5 16. Bxe5 Nxe5 17. Qxe5 Bd7 18. Re2 Qh5 19. Kg2 Ne4 20. Nd2 Qg6 21. f3 Nf6 22. Kh2 h5 23. Rg1 Qh6 24. Nf1 Rbe8 25. Ne3 g5 1/2-1/2

[Event "Voesendorf op-A 11th"]
[Site "Voesendorf"]
[Date "2008.05.22"]
[Round "2"]
[White "Behling, Robert"]
[Black "Kretschmer, Lorenz"]
[Result "1/2-1/2"]
[WhiteElo "2251"]
[BlackElo "1976"]
[PlyCount "33"]
[EventDate "2008.05.22"]
[EventType "swiss"]
[EventRounds "5"]
[EventCountry "AUT"]
[SourceTitle "CBM 124 Extra"]
[Source "ChessBase"]
[SourceDate "2008.07.03"]
[SourceVersion "1"]
[SourceVersionDate "2008.07.03"]
[SourceQuality "1"]

1. c4 Nf6 2. Nc3 c5 3. Nf3 e6 4. e3 d5 5. d4 Nc6 6. a3 cxd4 7. exd4 Bd6 8. c5 Bc7 9. Bb5 h6 10. 0-0 0-0 11. Re1 Bd7 12. Ba4 Re8 13. Ne5 Nxe5 14. dxe5 Bxa4 15. Qxa4 Nd7 16. Qd4 Qb8 17. Bf4 1/2-1/2

[Event "Nuremberg LGA Cup 3rd"]
[Site "Nuremberg"]
[Date "2006.09.10"]
[Round "6.40"]
[White "Nowaczynski, Mathias"]
[Black "Kretschmer, Lorenz"]
[Result "1-0"]
[WhiteElo "2110"]
[BlackElo "1995"]
[PlyCount "57"]
[EventDate "2006.09.07"]
[EventType "swiss"]
[EventRounds "7"]
[EventCountry "GER"]
[SourceTitle "EXT 2022"]
[Source "ChessBase"]
[SourceDate "2021.10.06"]
[SourceVersion "1"]
[SourceVersionDate "2021.10.06"]
[SourceQuality "1"]

1. d4 Nf6 2. c4 g6 3. Nc3 d5 4. cxd5 Nxd5 5. e4 Nxc3 6. bxc3 Bg7 7. Bc4 c5 8. Ne2 Nc6 9. Be3 0-0 10. Rc1 Bg4 11. f3 Na5 12. Bd3 cxd4 13. cxd4 Bd7 14. h4 h5 15. Kf2 Rc8 16. Qd2 Rxc1 17. Rxc1 e5 18. d5 Qxh4+ 19. Kg1 Qd8 20. Bxa7 b5 21. Qb4 Nb7 22. Be3 Qa8 23. Rc2 Rb8 24. Qe7 Qa5 25. Qxd7 Rd8 26. Qh3 b4 27. Kf2 Qa3 28. Nc1 Nd6 29. Ke2 1-0

[Event "Seebach op 16th"]
[Site "Grossenseebach"]
[Date "2005.05.27"]
[Round "4"]
[White "Seibold, Hubert"]
[Black "Kretschmer, Lorenz"]
[Result "1-0"]
[WhiteElo "2178"]
[BlackElo "1784"]
[PlyCount "61"]
[EventDate "2005.05.26"]
[EventType "swiss"]
[EventRounds "7"]
[EventCountry "GER"]
[SourceTitle "EXT 2018"]
[Source "ChessBase"]
[SourceDate "2017.10.13"]
[SourceVersion "1"]
[SourceVersionDate "2017.10.13"]
[SourceQuality "1"]

1. e4 c5 2. Nf3 d6 3. d4 cxd4 4. Nxd4 Nf6 5. Nc3 a6 6. Bc4 e6 7. Bb3 b5 8. 0-0 Bb7 9. Re1 Nbd7 10. a4 b4 11. Nd5 exd5 12. exd5+ Be7 13. Nf5 Ne5 14. Nxe7 Qxe7 15. f4 0-0-0 16. fxe5 dxe5 17. Bg5 h5 18. c4 Qd6 19. Qd3 Ng4 20. Qf5+ Kb8 21. Be3 Bc8 22. Qf3 h4 23. c5 Qg6 24. h3 Nxe3 25. Qxe3 Rh5 26. d6 Rg5 27. Bd5 Bb7 28. Bxb7 Kxb7 29. Qf3+ e4 30. Rxe4 Kb8 31. Rxb4+ 1-0

[Event "Nuremberg-ch op 04th"]
[Site "Nuremberg"]
[Date "2004.05.21"]
[Round "1"]
[White "Bosch, Karl"]
[Black "Kretschmer, Lorenz"]
[Result "1-0"]
[WhiteElo "2111"]
[BlackElo "1660"]
[PlyCount "79"]
[EventDate "2004.05.21"]
[EventType "swiss"]
[EventRounds "5"]
[EventCountry "GER"]
[SourceTitle "EXT 2006"]
[Source "ChessBase"]
[SourceDate "2005.11.24"]
[SourceVersion "1"]
[SourceVersionDate "2005.11.24"]
[SourceQuality "1"]

1. d3 d5 2. a3 Nf6 3. Nd2 Bf5 4. e3 e5 5. g3 c6 6. b3 e4 7. Bb2 Nbd7 8. h3 h6 9. d4 Be7 10. Ne2 0-0 11. g4 Bh7 12. Ng3 Ne8 13. Be2 Nd6 14. c4 Bh4 15. Rg1 f5 16. c5 fxg4 17. Bxg4 Nf5 18. Qe2 Qg5 19. Bxf5 Rxf5 20. 0-0-0 Bxg3 21. Rxg3 Qf6 22. Rdg1 g6 23. f4 Qe6 24. Nf1 Raf8 25. R3g2 R5f6 26. Ng3 Kf7 27. h4 Ke7 28. b4 b5 29. Bc3 a6 30. Be1 Ke8 31. f5 gxf5 32. Nh5 R6f7 33. Ng7+ Rxg7 34. Rxg7 Rg8 35. Qh5+ Kd8 36. Rxg8+ Bxg8 37. Rg6 Bf7 38. Rxe6 Bxh5 39. Rxh6 Bf7 40. Rxc6 1-0

[Event "Nuremberg-ch op 03rd"]
[Site "Nuremberg"]
[Date "2003.06.01"]
[Round "5"]
[White "Kretschmer, Lorenz"]
[Black "Thoma, Dirk"]
[Result "1/2-1/2"]
[WhiteElo "1405"]
[BlackElo "1432"]
[PlyCount "100"]
[EventDate "2003.05.30"]
[EventType "swiss"]
[EventRounds "5"]
[EventCountry "GER"]
[SourceTitle "EXT 2006"]
[Source "ChessBase"]
[SourceDate "2005.11.24"]
[SourceVersion "1"]
[SourceVersionDate "2005.11.24"]
[SourceQuality "1"]

1. d4 Nf6 2. c4 e6 3. Nc3 Bb4 4. Bd2 c5 5. e3 Nc6 6. Nf3 d5 7. cxd5 Nxd5 8. dxc5 Bxc5 9. Bb5 0-0 10. Bxc6 bxc6 11. 0-0 Nf6 12. Rc1 Bb6 13. Na4 Bb7 14. Nxb6 axb6 15. a3 c5 16. Ne5 Qd5 17. Nf3 Qh5 18. Bc3 Rad8 19. Nd2 Qg6 20. f3 Nd5 21. Qe2 Qh6 22. Rfe1 Qg6 23. Be5 f6 24. Bg3 Ne7 25. Bc7 Rd5 26. e4 Rg5 27. Bxb6 Nc6 28. Rxc5 e5 29. Rc4 Ba6 30. Be3 Rh5 31. g4 Bxc4 32. Qxc4+ Kh8 33. Qxc6 h6 34. Nf1 Rh4 35. a4 h5 36. Bf2 Rh3 37. Kg2 hxg4 38. fxg4 Qxg4+ 39. Ng3 Rd8 40. Rc1 Rh6 41. Qc2 Qh3+ 42. Kf3 Rg6 43. a5 f5 44. exf5 Rgd6 45. Ra1 Rd3+ 46. Ke2 Qg4+ 47. Ke1 Qf4 48. Qe2 Qb4+ 49. Kf1 Qf4 50. Qe4 Qh6 1/2-1/2